| 000 | 00491nam a2200157Ia 4500 | ||
|---|---|---|---|
| 005 | 20250428152114.0 | ||
| 008 | 231217s9999 xx 000 0 und d | ||
| 020 | _a9780818687013 | ||
| 082 | _a001.6424 KAR;1 R | ||
| 100 | _aKarolak, Dale Walter. | ||
| 245 | 0 | _aGlobal software development : managing virtual teams and environments | |
| 260 |
_c1998 _bComputer Society of India _aWashington |
||
| 300 | _axiii+158 | ||
| 650 | _aGlobal,software,virtual,teams,environments | ||
| 942 | _cAA | ||
| 999 |
_c182215 _d182215 |
||